| 000 | 00369nam a2200145Ia 4500 | ||
|---|---|---|---|
| 008 | 230312s9999||||xx |||||||||||||| ||und|| | ||
| 082 |
_a658.562 _bKEN |
||
| 100 | _aKenett, Ron S | ||
| 245 | 0 | _aModern Industrial Statistics | |
| 260 |
_bDuxbury press _aNew York _c1998 |
||
| 300 | _a621 | ||
| 546 | _aEng. | ||
| 650 |
_aManagement _vmethods in morden industry |
||
| 942 | _cBK | ||
| 999 |
_c374 _d374 |
||